00656 2200241 4500001002100000005001700021008004100038035002400079082001000103090001700113100001200130245009400142250001000236260003300246300002500279500003100304650001500335850001500350980001300365985000600378999001500384999001500399YOGYA-0209000003230920090227024655.0 ind  0010-020900000032309 a302.2 a302.2bHar K aHARMOKO aKomunikasi sambung rasabturut menggugah hati rakyat memacu pembangunan nasionalcHarmoko aCet.1 aJakartabSinar Harapanc1986 a130 hlmbilusc19 cm aBibliografi : hlm. 129-130 aKomunikasi aYOPDYOG(B) a07-12-06 a2 a06A0016800 a06A0016801